[Event "PRVA LIGA CENTRALNE SRBIJE 2014"]
[Site "Kraljevo"]
[Date "2014.09.20"]
[Round "10.6"]
[White "Maksimovic, Branimir"]
[Black "Kostic, Vladimir G"]
[Result "1/2-1/2"]
[WhiteElo "2384"]
[BlackElo "2399"]
[PlyCount "25"]
[EventDate "2014.09.13"]

1. d4 d5 2. c4 e6 3. Nc3 c5 4. cxd5 exd5 5. Nf3 Nc6 6. g3 Nf6 7. Bg2 Be7 8. O-O
O-O 9. dxc5 Bxc5 10. Na4 Be7 11. Be3 Ne4 12. Rc1 Re8 13. a3 1/2-1/2

[Event "PRVA LIGA CENTRALNE SRBIJE 2014"]
[Site "Kraljevo"]
[Date "2014.09.20"]
[Round "10.6"]
[White "Bozic, Milan"]
[Black "Bojkovic, Slobodan"]
[Result "1/2-1/2"]
[WhiteElo "2412"]
[BlackElo "2216"]
[PlyCount "93"]
[EventDate "2014.09.13"]

1. c4 c6 2. d4 d5 3. Nc3 Nf6 4. Nf3 g6 5. Bf4 Bg7 6. e3 O-O 7. h3 Qa5 8. Bd3
dxc4 9. Bxc4 b5 10. Bb3 b4 11. Ne2 Ba6 12. O-O Nbd7 13. Ne5 Rac8 14. a3 Bb5 15.
axb4 Qxb4 16. Nd3 Bxd3 17. Qxd3 c5 18. Ra4 Qb7 19. Rfa1 Ra8 20. Ra5 cxd4 21.
exd4 Nb6 22. Qa6 Qd7 23. Qxb6 axb6 24. Rxa8 Qb5 25. Nc1 Nd5 26. Bd2 h6 27.
Rxf8+ Bxf8 28. Ra8 g5 29. g3 Kg7 30. Ra7 e6 31. Bc3 Qc6 32. Nd3 Bd6 33. Bxd5
Qxd5 34. Ne5 Bxe5 35. dxe5 h5 36. Ra6 Qb3 37. Kg2 h4 38. gxh4 gxh4 39. Kh2 Qc2
40. Kg1 Qd1+ 41. Kg2 Qd5+ 42. Kg1 b5 43. Rd6 Qf3 44. Rd4 Qxh3 45. Rf4 Kf8 46.
Ba5 Ke8 47. Bc3 1/2-1/2

[Event "PRVA LIGA CENTRALNE SRBIJE 2014"]
[Site "Kraljevo"]
[Date "2014.09.20"]
[Round "10.6"]
[White "Necevski, Aleksandar"]
[Black "Popovic, Nenad"]
[Result "1/2-1/2"]
[WhiteElo "2270"]
[BlackElo "2263"]
[PlyCount "83"]
[EventDate "2014.09.13"]

1. d4 d5 2. Nf3 e6 3. e3 Nf6 4. Bd3 b6 5. O-O Bd6 6. b3 Bb7 7. Bb2 c5 8. Qe2
Nbd7 9. Nbd2 Qc7 10. c4 O-O 11. Rac1 a6 12. e4 dxe4 13. Nxe4 Nxe4 14. Bxe4 Bxe4
15. Qxe4 cxd4 16. Qxd4 e5 17. Qh4 Nc5 18. Rcd1 f6 19. Ba3 Rad8 20. Bxc5 Bxc5
21. Qe4 Rde8 22. Rfe1 Kh8 23. Qh4 f5 24. Rd5 e4 25. Nd4 f4 26. Qg4 e3 27. fxe3
fxe3 28. Re2 Rf4 29. Ne6 Rxg4 30. Nxc7 Rc8 31. Nxa6 Bd4 32. Nb4 Rf8 33. Nc2
Rgf4 34. h3 Bc5 35. Nxe3 Re4 36. Rd3 h5 37. Re1 h4 38. Re2 Rfe8 39. Kf2 Rf8+
40. Ke1 Rfe8 41. Kd2 Bb4+ 42. Kd1 1/2-1/2

[Event "PRVA LIGA CENTRALNE SRBIJE 2014"]
[Site "Kraljevo"]
[Date "2014.09.20"]
[Round "10.6"]
[White "Komnenic, Branko"]
[Black "Perunovic, Ljubivoje"]
[Result "1-0"]
[WhiteElo "2255"]
[BlackElo "1915"]
[PlyCount "127"]
[EventDate "2014.09.13"]

1. d4 g6 2. c4 Bg7 3. Nc3 d6 4. Nf3 Bg4 5. g3 Nf6 6. Bg2 O-O 7. h3 Bd7 8. O-O
Nc6 9. d5 Na5 10. Nd2 c5 11. Qc2 a6 12. b3 b5 13. Bb2 Rb8 14. Rab1 Qc7 15. Rfc1
bxc4 16. bxc4 Rb4 17. Ba3 Rxb1 18. Rxb1 Rb8 19. Bf1 Rxb1 20. Ncxb1 Qc8 21. Kh2
Qb8 22. Nc3 Ne8 23. e3 Qb6 24. Nb3 Nxb3 25. axb3 Qa5 26. Bb2 f5 27. Bd3 Qb4 28.
Na2 Qa5 29. Bc1 Bf6 30. Bd2 Qa3 31. Nc3 Qa1 32. Na2 Kf7 33. Qb1 Qxb1 34. Bxb1
e6 35. e4 e5 36. Ba5 Bg5 37. Be1 Bd8 38. b4 cxb4 39. Bxb4 fxe4 40. Bxe4 Bb6 41.
f3 Ba4 42. Nc3 Bb3 43. Bd3 a5 44. Ba3 Ke7 45. Ne4 Bc7 46. Kg2 Nf6 47. Nd2 Ba4
48. Kf2 Bb6+ 49. Ke2 Bd4 50. Ne4 Nxe4 51. Bxe4 Bb6 52. h4 Bb3 53. Bd3 Bd4 54.
Ke1 Be3 55. g4 Bb6 56. h5 a4 57. h6 Bc5 58. Bxc5 dxc5 59. Kd2 a3 60. Kc3 Bd1
61. Bxg6 Kf6 62. Bxh7 Kg5 63. d6 Ba4 64. Bf5 1-0